[Event "Lesa op"]
[Site "Lesa"]
[Date "2024.05.04"]
[Round "3"]
[White "Marangone, Erick"]
[Black "Bianchi, Andrea"]
[Result "1/2-1/2"]
[WhiteElo "2014"]
[BlackElo "2054"]
[PlyCount "111"]
[EventDate "2024.05.03"]
[EventType "swiss"]
[EventRounds "5"]
[EventCountry "SUI"]
[SourceTitle "CB20_2024"]
[SourceDate "2024.05.16"]
[SourceVersion "1"]
[SourceVersionDate "2024.05.16"]
[SourceQuality "1"]

1. e4 d6 2. d4 Nf6 3. Nc3 e5 4. Nf3 Nbd7 5. Bc4 Be7 6. 0-0 0-0 7. Re1 c6 8. Bf1 a6 9. a4 b6 10. Bg5 Rb8 11. Bxf6 Bxf6 12. d5 c5 13. Rb1 g6 14. Nd2 Qc7 15. Bd3 Bg5 16. Nf3 Bh6 17. h3 c4 18. Bf1 b5 19. axb5 axb5 20. b3 b4 21. Na2 c3 22. Nc1 Nc5 23. Nd3 Bd7 24. Nxc5 Qxc5 25. Bd3 Ra8 26. Qe2 Ra2 27. Ra1 Rfa8 28. Rxa2 Rxa2 29. Nh2 Kg7 30. Qf3 Qa7 31. Ng4 Bg5 32. Ne3 Bxe3 33. Qxe3 Qxe3 34. Rxe3 Ra1+ 35. Kh2 f5 36. f3 Rd1 37. Re2 f4 38. Rf2 Kh6 39. Rf1 Rxf1 40. Bxf1 Kh5 41. Kg1 Kh4 42. Kf2 h5 43. Bc4 g5 44. Bd3 g4 45. hxg4 hxg4 46. Bc4 gxf3 47. gxf3 Kg5 48. Bd3 Kf6 49. Bc4 Ke7 50. Bd3 Kd8 51. Bc4 Kc7 52. Bd3 Kb6 53. Bc4 Kc5 54. Ke2 Kd4 55. Bd3 Be8 56. Kf2 1/2-1/2